El paseante de las dos orillas /

محفوظ في:
التفاصيل البيبلوغرافية
المؤلف الرئيسي: Apollinaire, Guillaume (autor)
التنسيق: كتاب
اللغة:الإسبانية
منشور في: Córdoba, España : El Olivo Azul, 2009, c2009
سلاسل:(Errantes ; 1)
الموضوعات:
الوسوم: إضافة وسم
لا توجد وسوم, كن أول من يضع وسما على هذه التسجيلة!

MARC

LEADER 00000nam^a2200000^a^4500
001 000583243
005 20250521000000.0
009 20260526153408.339
020 |a 978-84-936637-6-6 
037 |a Acervo ITESO - Biblioteca 
041 |a ESP 
082 |a 848.  |b APO 
100 |a Apollinaire, Guillaume  |e (autor) 
245 1 3 |a El paseante de las dos orillas /  |c G. Apollinaire ; epílogo de J. Ignacio Velázquez ; tr. y notas de Elena Fons, Jérôme Guachet. 
264 4 |a Córdoba, España :  |b El Olivo Azul,  |c 2009, c2009 
300 |a 102 p. 
336 |a texto  |b txt  |2 rdacontenido 
337 |a sin mediación  |b n  |2 rdamedio 
338 |a volumen  |b nc  |2 rdasoporte 
440 1 |a (Errantes ;  |v 1) 
500 |a Traducción de: Le flâneur des deux rives 
649 |a XX 
650 |a Escritores Franceses -  |x Memorias 
650 |a Memorias Francesas 
650 |a Crónicas Francesas 
650 |a Ensayos Franceses 
650 |a Literatura Autobiográfica -  |z Francia 
650 |a Literatura Francesa -  |y Siglo XX 
650 |a París, Francia en la Literatura 
650 |a París, Francia -  |x Historia -  |y Tercera República, 1870-1940 -  |x Tema Principal 
650 |a París, Francia -  |x Historia -  |y Período Moderno, 1848-1919 -  |x Tema Principal 
650 |a París, Francia -  |x Historia -  |y Siglo XX 
650 |a Francia -  |x Historia -  |y Tercera República, 1870-1940 
650 |a Francia -  |x Historia -  |y Período Moderno, 1848-1919 
650 |a Francia -  |x Historia -  |y Siglo XX 
650 |a Apollinaire, Guillaume 
910 |a Fondo Castillo-Martínez 
920 |a Impresos - Libros 
930 |a Fondos Especiales 
940 |a Literatura 
905 |a 127 
901 |a 0500348661  |b IT2  |c ESP  |i D128032  |u 20250521 
902 |a https://opac.biblio.iteso.mx/vufind/Record/000583243